[Event "Mauricie op"]
[Site "Trois-Rivieres CAN"]
[Date "1997.03.15"]
[Round "3"]
[White "Levtchouk, George"]
[Black "Ross, Dave"]
[Result "1/2-1/2"]
[WhiteElo "2346"]
[BlackElo "2311"]
[PlyCount "36"]
[GameId "2160767911966314"]
[EventDate "1997.03.14"]
[EventType "swiss"]
[EventRounds "5"]
[EventCountry "CAN"]
[SourceTitle "EXT 2022"]
[Source "ChessBase"]
[SourceDate "2021.10.06"]
[SourceVersion "1"]
[SourceVersionDate "2021.10.06"]
[SourceQuality "1"]

1. d4 d5 2. c4 dxc4 3. Nf3 Nf6 4. e3 e6 5. Bxc4 c5 6. O-O a6 7. a4 Nc6 8. Qe2 Qc7 9. Nc3 Be7 10. h3 O-O 11. Bd2 Rd8 12. dxc5 Bxc5 13. Rac1 Bd7 14. Ng5 Bb4 15. Rfd1 Qa5 16. f4 Rac8 17. Be1 Ne7 18. Bb3 h6 1/2-1/2

[Event "Mauricie op"]
[Site "Trois-Rivieres CAN"]
[Date "1997.03.16"]
[Round "4"]
[White "Schleifer, Michael"]
[Black "Levtchouk, George"]
[Result "1-0"]
[WhiteElo "2325"]
[BlackElo "2347"]
[PlyCount "67"]
[GameId "2160767911966317"]
[EventDate "1997.03.14"]
[EventType "swiss"]
[EventRounds "5"]
[EventCountry "CAN"]
[SourceTitle "hb 2011"]

1. d4 g6 2. e4 Bg7 3. Nc3 d6 4. Be3 a6 5. Qd2 b5 6. a4 b4 7. Nb1 a5 8. c3 bxc3 9. Nxc3 Nc6 10. Rc1 Nb4 11. d5 Nf6 12. f3 O-O 13. Nb5 e6 14. dxe6 fxe6 15. Nh3 Ne8 16. Nf2 c6 17. Nc3 d5 18. Bc5 Rf7 19. Be2 Rb8 20. exd5 exd5 21. O-O Nc7 22. Ng4 Ne6 23. Bf2 Nf4 24. Be3 Nxe2+ 25. Nxe2 Bxg4 26. fxg4 Rxf1+ 27. Rxf1 Qd7 28. h3 Re8 29. Nd4 Qe7 30. Bf2 Qf6 31. g3 Qd6 32. Nb3 Qc7 33. Bd4 Bxd4+ 34. Nxd4 1-0

[Event "Mauricie op"]
[Site "Trois-Rivieres CAN"]
[Date "1997.03.16"]
[Round "4"]
[White "Tremblay, Sylvain"]
[Black "Wenaas, Eric"]
[Result "1-0"]
[WhiteElo "2092"]
[BlackElo "2142"]
[PlyCount "57"]
[GameId "2160767911966318"]
[EventDate "1997.03.14"]
[EventType "swiss"]
[EventRounds "5"]
[EventCountry "CAN"]
[SourceTitle "EXT 2022"]
[Source "ChessBase"]
[SourceDate "2021.10.06"]
[SourceVersion "1"]
[SourceVersionDate "2021.10.06"]
[SourceQuality "1"]

1. d4 Nf6 2. c4 c5 3. d5 b5 4. cxb5 a6 5. e3 axb5 6. Bxb5 Qa5+ 7. Nc3 Bb7 8. Bd2 Qb6 9. Bc4 e6 10. e4 Nxe4 11. Nf3 Nxd2 12. Qxd2 Be7 13. O-O O-O 14. Rfe1 Qa5 15. a3 Bf6 16. Rac1 Rd8 17. Ng5 h6 18. Nge4 Be7 19. Qf4 Qb6 20. Rc2 Na6 21. g4 Rf8 22. d6 Bd8 23. Re3 Bg5 24. Nxg5 hxg5 25. Qg3 Qc6 26. f3 f6 27. Bb5 Qc8 28. Qh3 Bc6 29. Bd3 1-0

[Event "Mauricie op"]
[Site "Trois-Rivieres CAN"]
[Date "1997.03.16"]
[Round "5"]
[White "Levtchouk, George"]
[Black "Tremblay, Sylvain"]
[Result "1-0"]
[WhiteElo "2346"]
[BlackElo "2151"]
[PlyCount "51"]
[GameId "2160767911966321"]
[EventDate "1997.03.14"]
[EventType "swiss"]
[EventRounds "5"]
[EventCountry "CAN"]
[SourceTitle "EXT 2022"]
[Source "ChessBase"]
[SourceDate "2021.10.06"]
[SourceVersion "1"]
[SourceVersionDate "2021.10.06"]
[SourceQuality "1"]

1. d4 Nf6 2. c4 e6 3. Nc3 Bb4 4. f3 d5 5. a3 Be7 6. e4 dxe4 7. fxe4 e5 8. d5 Bc5 9. Nf3 Ng4 10. b4 Bf2+ 11. Ke2 c5 12. h3 Bd4 13. hxg4 Bxc3 14. Rb1 cxb4 15. axb4 Bxg4 16. Be3 a5 17. b5 b6 18. Kd3 Bb4 19. Be2 Nd7 20. Ng5 Bxe2+ 21. Qxe2 Nf6 22. Qf2 Rb8 23. Rbf1 O-O 24. Qg3 h6 25. Rxh6 Nxe4 26. Rh8+ 1-0

[Event "Mauricie op U1600"]
[Site "Trois-Rivieres CAN"]
[Date "1997.03.16"]
[Round "5"]
[White "Turcot, Jean"]
[Black "Gareau, Jacques"]
[Result "1-0"]
[WhiteElo "1509"]
[BlackElo "1363"]
[PlyCount "49"]
[GameId "2160767911966322"]
[EventDate "1997.03.14"]
[EventType "swiss"]
[EventRounds "5"]
[EventCountry "CAN"]
[SourceTitle "Echec+ 1997.07"]

1. b4 b5 2. Bb2 c6 3. e3 d5 4. a4 bxa4 5. Rxa4 Bd7 6. Nf3 c5 7. b5 f6 8. c4 e6 9. Nc3 a6 10. cxd5 e5 11. Bc4 Nh6 12. h3 Nf7 13. Nh4 Nd6 14. Qh5+ Ke7 15. Ng6+ hxg6 16. Qxh8 Nxc4 17. Rxc4 axb5 18. d6+ Kxd6 19. Ne4+ Kd5 20. Qg8+ Be6 21. Rxc5+ Kxe4 22. f3+ Kf5 23. g4+ Kg5 24. h4+ Kh6 25. Qh8# 1-0

[Event "Mauricie op U1800"]
[Site "Trois-Rivieres CAN"]
[Date "1997.03.14"]
[Round "1"]
[White "Beaupre, Jean-Marie"]
[Black "Cloutier, Richard"]
[Result "1/2-1/2"]
[WhiteElo "1652"]
[BlackElo "1780"]
[PlyCount "45"]
[GameId "2160767911966323"]
[EventDate "1997.03.14"]
[EventType "swiss"]
[EventRounds "5"]
[EventCountry "CAN"]
[SourceTitle "Echec+ 1997.07"]

1. e4 c5 2. Nf3 d6 3. d4 cxd4 4. Nxd4 Nf6 5. Nc3 a6 6. Bg5 e6 7. f4 Be7 8. Qf3 Nbd7 9. O-O-O Qc7 10. Bd3 b5 11. Rhe1 Bb7 12. Qh3 b4 13. Nd5 Bxd5 14. exd5 Nxd5 15. Nxe6 fxe6 16. Qxe6 N7f6 17. Bf5 Nb6 18. Rxd6 Rb8 19. Bxf6 gxf6 20. Qxf6 Rf8 21. Bg6+ hxg6 22. Qxg6+ Rf7 23. Qg8+ 1/2-1/2

[Event "Mauricie op U1800"]
[Site "Trois-Rivieres CAN"]
[Date "1997.03.16"]
[Round "4"]
[White "Tej, Yahia"]
[Black "Deschesnes, Jean"]
[Result "0-1"]
[WhiteElo "1723"]
[BlackElo "1743"]
[PlyCount "54"]
[GameId "2160767911966324"]
[EventDate "1997.03.14"]
[EventType "swiss"]
[EventRounds "5"]
[EventCountry "CAN"]
[SourceTitle "Echec+ 1997.07"]

1. e4 c5 2. Nf3 d6 3. c4 Nc6 4. Nc3 Nf6 5. d3 g6 6. d4 cxd4 7. Nxd4 Bd7 8. Be2 Bg7 9. Be3 O-O 10. O-O Ne5 11. b3 Qa5 12. Rc1 a6 13. a4 Nc6 14. Nxc6 Bxc6 15. Nd5 Nxd5 16. exd5 Bd7 17. Bd3 b5 18. axb5 axb5 19. Qe2 bxc4 20. bxc4 Bf6 21. g4 Rfe8 22. f4 Rab8 23. Rb1 Qc7 24. Qc2 e6 25. Qf2 exd5 26. cxd5 Qc3 27. Rbd1 Rxe3 0-1

[Event "Mauricie op U2000"]
[Site "Trois-Rivieres CAN"]
[Date "1997.03.16"]
[Round "5"]
[White "Marineau, Remi"]
[Black "Deschamps, Martin"]
[Result "1-0"]
[WhiteElo "1868"]
[BlackElo "1835"]
[PlyCount "59"]
[GameId "2160767911966325"]
[EventDate "1997.03.14"]
[EventType "swiss"]
[EventRounds "5"]
[EventCountry "CAN"]
[SourceTitle "Echec+ 1997.07"]

1. e4 c5 2. d4 cxd4 3. Nf3 d6 4. Nxd4 Nf6 5. Nc3 a6 6. Bg5 e6 7. f4 Qc7 8. Qf3 b5 9. O-O-O b4 10. Nce2 Bb7 11. Bxf6 gxf6 12. Ng3 Nd7 13. Qh5 Qc5 14. f5 Ke7 15. Nb3 Qe3+ 16. Nd2 Qg5 17. Qxg5 fxg5 18. Nc4 d5 19. Na5 Nc5 20. Nxb7 Nxb7 21. exd5 exd5 22. Rxd5 h5 23. Bc4 Nd6 24. Bb3 h4 25. Re1+ Kf6 26. Ne4+ Nxe4 27. Rxe4 a5 28. Rc4 Ra6 29. Rc7 Bd6 30. Rxf7+ 1-0

[Event "Mayo-Gulati m"]
[Site "Chrlottetown CAN"]
[Date "1997.08.23"]
[Round "1"]
[White "Mayo, Alvah"]
[Black "Gulati, Justin"]
[Result "1-0"]
[WhiteElo "2045"]
[BlackElo "2065"]
[PlyCount "109"]
[GameId "2160767911932160"]
[EventDate "1997.08.23"]
[EventType "match"]
[EventRounds "4"]
[EventCountry "CAN"]

1. d4 Nf6 2. c4 g6 3. Nc3 Bg7 4. Nf3 O-O 5. e4 d6 6. Be2 e5 7. dxe5 dxe5 8. Qxd8 Rxd8 9. Bg5 Re8 10. O-O c6 11. Rfd1 Nbd7 12. b4 Nf8 13. h3 Ne6 14. Be3 Nh5 15. Rac1 Nhf4 16. Bf1 Nc7 17. Kh2 Be6 18. g3 Nh5 19. Ng5 Bf8 20. Nxe6 Nxe6 21. c5 Rad8 22. Bc4 Nd4 23. Kg2 Nf6 24. f3 Rd7 25. Kf2 Red8 26. Ne2 Nxe2 27. Bxe2 Rxd1 28. Rxd1 Rxd1 29. Bxd1 a5 30. a3 Nd7 31. Ke2 Be7 32. Ba4 axb4 33. axb4 Kf8 34. Kd3 Ke8 35. Kc4 Kd8 36. Bc2 Kc7 37. b5 Nf8 38. f4 f6 39. Bd1 cxb5+ 40. Kxb5 Ne6 41. Kc4 exf4 42. gxf4 g5 43. f5 Nd8 44. Kd5 Nc6 45. Ke6 Bd8 46. Kf7 Ne5+ 47. Kg8 Nc4 48. Bd4 Nd2 49. e5 fxe5 50. Bxe5+ Kc6 51. Bd4 Kd5 52. Bc3 Ne4 53. Bf3 h5 54. f6 Kc4 55. Bxe4 1-0

[Event "Mayo-Gulati m"]
[Site "Chrlottetown CAN"]
[Date "1997.08.23"]
[Round "2"]
[White "Gulati, Justin"]
[Black "Mayo, Alvah"]
[Result "1/2-1/2"]
[WhiteElo "2065"]
[BlackElo "2045"]
[PlyCount "70"]
[GameId "2160767911932161"]
[EventDate "1997.08.23"]
[EventType "match"]
[EventRounds "4"]
[EventCountry "CAN"]

1. e4 d5 2. exd5 Nf6 3. d4 Nxd5 4. Nf3 Bg4 5. Be2 e6 6. c4 Nf6 7. Nc3 Be7 8. Be3 Nbd7 9. Qc2 O-O 10. Rd1 c6 11. O-O Qc7 12. Rfe1 Rac8 13. h3 Bf5 14. Bd3 Bxd3 15. Qxd3 Rfd8 16. Qc2 a6 17. a3 b5 18. c5 Nf8 19. Ne5 Ng6 20. Nxg6 hxg6 21. b4 a5 22. g3 axb4 23. axb4 Nd5 24. Nxd5 Rxd5 25. Ra1 Qd8 26. Red1 Bf6 27. Ra7 Ra8 28. Rxa8 Qxa8 29. Qb2 Qd8 30. Rd2 Qd7 31. Kg2 e5 32. dxe5 Rxd2 33. Bxd2 Qd5+ 34. Kh2 Bxe5 35. Bc3 Bxc3 1/2-1/2

[Event "Mayo-Gulati m"]
[Site "Chrlottetown CAN"]
[Date "1997.08.24"]
[Round "3"]
[White "Mayo, Alvah"]
[Black "Gulati, Justin"]
[Result "1-0"]
[WhiteElo "2045"]
[BlackElo "2065"]
[PlyCount "83"]
[GameId "2160767911932162"]
[EventDate "1997.08.23"]
[EventType "match"]
[EventRounds "4"]
[EventCountry "CAN"]

1. d4 g6 2. Nf3 Bg7 3. g3 d6 4. Bg2 Nc6 5. c4 e5 6. dxe5 Nxe5 7. Nxe5 Bxe5 8. Qc2 Ne7 9. Nc3 Nc6 10. O-O Bg7 11. Bf4 Be6 12. Nd5 O-O 13. Rfd1 f5 14. Rac1 Ne5 15. b3 Kh8 16. Qd2 Nf7 17. Be3 c6 18. Nf4 Qe7 19. Qb4 Rfe8 20. Nxe6 Qxe6 21. Qxb7 Ne5 22. Bf4 Rab8 23. Qc7 Rbd8 24. Bxe5 Bxe5 25. Qxc6 Bf6 26. Rc2 f4 27. Rcd2 fxg3 28. fxg3 Bg5 29. Rxd6 Rxd6 30. Rxd6 Qxe2 31. h3 Qe1+ 32. Kh2 Re3 33. Qc8+ Kg7 34. Rd7+ Be7 35. Qc7 Re2 36. Qxa7 Re3 37. Qd4+ Kh6 38. Qf4+ g5 39. Qg4 Qf2 40. h4 Re2 41. hxg5+ Kg7 42. Qd4+ 1-0

[Event "Mayo-Gulati m"]
[Site "Chrlottetown CAN"]
[Date "1997.08.24"]
[Round "4"]
[White "Gulati, Justin"]
[Black "Mayo, Alvah"]
[Result "1-0"]
[WhiteElo "2065"]
[BlackElo "2045"]
[PlyCount "59"]
[GameId "2160767911932163"]
[EventDate "1997.08.23"]
[EventType "match"]
[EventRounds "4"]
[EventCountry "CAN"]

1. e4 d5 2. exd5 Nf6 3. d4 Nxd5 4. Nf3 Bg4 5. c3 c6 6. Bd3 Nd7 7. O-O e6 8. Re1 Qc7 9. Nbd2 Bd6 10. h3 Bh5 11. Ne4 Be7 12. Bg5 N5f6 13. Ng3 Bg6 14. a4 Bd6 15. Nf5 Bxf5 16. Bxf5 O-O-O 17. Bd3 h6 18. Bd2 g5 19. b4 g4 20. hxg4 Nxg4 21. b5 c5 22. a5 Nxf2 23. Kxf2 Bg3+ 24. Kg1 Bxe1 25. Bxe1 Qd6 26. Qe2 Rhe8 27. a6 b6 28. Bc4 Re7 29. Qe4 f6 30. Qb7# 1-0

[Event "Memories of Fischer"]
[Site "Edmonton CAN"]
[Date "1997.05.29"]
[Round "5"]
[White "Heagle, George"]
[Black "Ottosen, David"]
[Result "1-0"]
[WhiteElo "1785"]
[BlackElo "2067"]
[PlyCount "59"]
[GameId "2160767911966092"]
[EventDate "1997.05.01"]
[EventType "swiss"]
[EventRounds "5"]
[EventCountry "CAN"]

1. e4 c5 2. Nf3 d6 3. d4 cxd4 4. Nxd4 Nf6 5. Nc3 a6 6. h3 g6 7. Be3 Bg7 8. g4 O-O 9. Qd2 b5 10. g5 Nfd7 11. h4 Ne5 12. Be2 Bb7 13. f4 Ned7 14. O-O-O Nc5 15. Bf3 Nbd7 16. h5 b4 17. Nd5 e6 18. Nxb4 Nxe4 19. Qg2 d5 20. hxg6 hxg6 21. Nbc6 Qe8 22. Qh3 f5 23. Qh7+ Kf7 24. Rh6 Rh8 25. Qxg6+ Kg8 26. Rxh8+ Kxh8 27. Rh1+ Kg8 28. Qh7+ Kf8 29. Bh5 Qc8 30. Nxe6# 1-0

[Event "Montcalm I 1997-98"]
[Site "Quebec CAN"]
[Date "1997.09.17"]
[Round "1"]
[White "Pescarus, Dana"]
[Black "Hebert, Marc"]
[Result "1/2-1/2"]
[WhiteElo "1614"]
[BlackElo "1824"]
[PlyCount "158"]
[GameId "2160767911932047"]
[EventDate "1997.09.17"]
[EventType "swiss"]
[EventRounds "4"]
[EventCountry "CAN"]

1. c4 Nf6 2. Nc3 e6 3. g3 d5 4. Bg2 dxc4 5. Qa4+ Bd7 6. Qxc4 Bc6 7. e4 Nbd7 8. d4 Nb6 9. Qd3 Bc5 10. Nge2 e5 11. d5 O-O 12. O-O h6 13. a3 Be8 14. b4 Bd6 15. Bb2 c6 16. Rad1 cxd5 17. Nxd5 Nfxd5 18. exd5 Ba4 19. Rd2 Qd7 20. f4 Bb5 21. Bh3 Bxd3 22. Bxd7 Bxe2 23. Rxe2 Nxd7 24. fxe5 Rfe8 25. Rfe1 Bc7 26. d6 Bb6+ 27. Kg2 Rac8 28. Kh3 Rc4 29. e6 Rxe6 30. Rxe6 fxe6 31. Rxe6 Bd8 32. Re8+ Kf7 33. Rxd8 Ke6 34. Re8+ Kxd6 35. Bxg7 h5 36. Rh8 a5 37. Rh6+ Ke7 38. bxa5 Rc5 39. a6 bxa6 40. Rxa6 Kf7 41. Ra7 Rd5 42. Be5 Ke6 43. Bf4 Nf6 44. Ra6+ Kf5 45. Rd6 Ra5 46. Rd3 Ne4 47. Rf3 Kg6 48. Kh4 Ra4 49. Kh3 Rc4 50. Rf1 Rc2 51. Be3 Ra2 52. Rf8 Rxa3 53. Bf4 Ra2 54. Rg8+ Kh7 55. Re8 Nf6 56. Re6 Ng4 57. Kh4 Rxh2+ 58. Kg5 Rh1 59. Re7+ Kg8 60. Kg6 Kf8 61. Rf7+ Ke8 62. Bd6 Rd1 63. Re7+ Kd8 64. Bb4 Rd5 65. Rh7 Rb5 66. Be7+ Ke8 67. Bg5 Rb6+ 68. Kxh5 Nf6+ 69. Bxf6 Rxf6 70. g4 Kf8 71. Kg5 Rf1 72. Kg6 Kg8 73. Rg7+ Kf8 74. g5 Rf2 75. Rh7 Kg8 76. Rg7+ Kf8 77. Kh7 Rh2+ 78. Kg6 Rf2 79. Kh7 Rh2+ 1/2-1/2

[Event "Montcalm I 1997-98"]
[Site "Quebec CAN"]
[Date "1997.09.24"]
[Round "2"]
[White "Hebert, Marc"]
[Black "Bouchard, Jacques"]
[Result "0-1"]
[WhiteElo "1824"]
[BlackElo "1666"]
[PlyCount "86"]
[GameId "2160767911932048"]
[EventDate "1997.09.17"]
[EventType "swiss"]
[EventRounds "4"]
[EventCountry "CAN"]

1. d4 Nf6 2. c4 c5 3. e3 g6 4. Nc3 Bg7 5. Nf3 O-O 6. Bd3 b6 7. O-O d6 8. h3 Bd7 9. Qe2 Qc8 10. Bd2 Nc6 11. Rac1 Nh5 12. dxc5 bxc5 13. Rfd1 Rb8 14. b3 Rd8 15. Bb1 h6 16. Nd5 Rb7 17. Bc3 Bxc3 18. Nxc3 a5 19. Kh2 Ng7 20. Nd5 Be6 21. Nf4 Nf5 22. g4 Ng7 23. Rg1 Qb8 24. Rg3 a4 25. Nd2 axb3 26. Nxb3 Ne5 27. Nxe6 Nxe6 28. f4 Nd7 29. Be4 Rb4 30. Qd3 Ng7 31. Na5 Rb2+ 32. Rc2 Re8 33. Bc6 Rd8 34. Bd5 Re8 35. Bc6 Rd8 36. Bb5 Rxc2+ 37. Qxc2 Qa8 38. Qg2 Qxa5 39. f5 Ne5 40. h4 Rf8 41. Qe4 Qxa2+ 42. Rg2 Qb3 43. Qf4 Qd1 0-1

[Event "Montcalm I 1997-98"]
[Site "Quebec CAN"]
[Date "1997.10.01"]
[Round "3"]
[White "Pouliot, Lewis"]
[Black "Hebert, Marc"]
[Result "0-1"]
[WhiteElo "1477"]
[BlackElo "1824"]
[PlyCount "67"]
[GameId "2160767911932049"]
[EventDate "1997.09.17"]
[EventType "swiss"]
[EventRounds "4"]
[EventCountry "CAN"]

1. c4 Nf6 2. Nc3 e6 3. g3 d5 4. d4 dxc4 5. Qa4+ Bd7 6. Qxc4 Bc6 7. Nf3 Be7 8. Bg2 O-O 9. O-O Nbd7 10. Bg5 h6 11. Bxf6 Nxf6 12. Rfe1 Ne4 13. Rac1 Ng5 14. e4 Nxf3+ 15. Bxf3 Bf6 16. Red1 Rc8 17. Bg4 Bd7 18. Bf3 c6 19. e5 Be7 20. Ne4 Qc7 21. b4 b6 22. Qb3 Qb8 23. Be2 Rfd8 24. a3 Be8 25. Qf3 c5 26. bxc5 bxc5 27. dxc5 Rxd1+ 28. Bxd1 Qxe5 29. Qe3 Bc6 30. Bf3 Bxe4 31. Bxe4 f5 32. f3 fxe4 33. f4 Bxc5 34. fxe5 0-1

[Event "Montcalm I 1997-98"]
[Site "Quebec CAN"]
[Date "1997.10.08"]
[Round "4"]
[White "Hebert, Marc"]
[Black "Chouinard, Bastien"]
[Result "1-0"]
[WhiteElo "1724"]
[BlackElo "1626"]
[PlyCount "51"]
[GameId "2160767911932050"]
[EventDate "1997.09.17"]
[EventType "swiss"]
[EventRounds "4"]
[EventCountry "CAN"]

1. d4 Nf6 2. Nf3 d5 3. c4 e6 4. Nc3 Be7 5. Bg5 Nbd7 6. cxd5 exd5 7. e3 O-O 8. Bd3 h6 9. Bxf6 Nxf6 10. Qc2 c6 11. O-O Re8 12. Ne5 Bd6 13. f4 Ng4 14. Bh7+ Kf8 15. Qe2 Nf6 16. Bc2 g6 17. Rae1 h5 18. h3 Kg7 19. Qf3 Qe7 20. Qg3 Rg8 21. f5 Kh6 22. fxg6 fxg6 23. Qf4+ Kg7 24. Qg5 Be6 25. Qxg6+ Kf8 26. Rxf6+ 1-0

[Event "Montcalm II 1997-98"]
[Site "Quebec CAN"]
[Date "1997.10.15"]
[Round "1"]
[White "Hebert, Marc"]
[Black "Bender, Karl"]
[Result "1-0"]
[WhiteElo "1803"]
[BlackElo "1510"]
[PlyCount "103"]
[GameId "2160767911935932"]
[EventDate "1997.10.15"]
[EventType "swiss"]
[EventRounds "5"]
[EventCountry "CAN"]

1. d4 d5 2. c4 e6 3. Nc3 Nf6 4. Bg5 Nbd7 5. cxd5 exd5 6. e3 c6 7. Bd3 Be7 8. Nf3 h6 9. Bxf6 Bxf6 10. Qc2 Nb6 11. a4 Be6 12. O-O Rc8 13. a5 Nd7 14. b4 O-O 15. Rfc1 Be7 16. Qa4 Bd6 17. h3 Qf6 18. e4 Qe7 19. Rab1 dxe4 20. Nxe4 Nf6 21. Nxd6 Qxd6 22. Rd1 Nd5 23. Rdc1 Qf4 24. Qd1 Bf5 25. Bxf5 Qxf5 26. Rc5 Qe6 27. Qd2 Qg6 28. Rbc1 Nc7 29. Ne5 Qe6 30. Ng4 Qd6 31. Ne3 Rcd8 32. Nf5 Qf6 33. Qe3 Nd5 34. Qf3 Nxb4 35. Rb1 Na6 36. Rcc1 Rd7 37. Rxb7 Rxb7 38. Rxc6 Rb1+ 39. Kh2 Qd8 40. Rxa6 Qb8+ 41. g3 Qb7 42. Rc6 Rb3 43. Qg4 f6 44. a6 Rxg3 45. Qxg3 Qb8 46. Qxb8 Rxb8 47. Rc7 Rb5 48. Nxg7 Rd5 49. Ne6 Rd6 50. Nc5 Rxd4 51. Rxa7 Rc4 52. Rc7 1-0

[Event "Montcalm II 1997-98"]
[Site "Quebec CAN"]
[Date "1997.10.22"]
[Round "2"]
[White "Landry, Gilbert"]
[Black "Hebert, Marc"]
[Result "1-0"]
[WhiteElo "1682"]
[BlackElo "1803"]
[PlyCount "81"]
[GameId "2160767911935933"]
[EventDate "1997.10.15"]
[EventType "swiss"]
[EventRounds "5"]
[EventCountry "CAN"]

1. e4 e5 2. Nf3 Nc6 3. Bb5 d6 4. d4 Bd7 5. O-O exd4 6. Nxd4 g6 7. Nc3 Bg7 8. Be3 Nge7 9. Qd2 O-O 10. Nxc6 Nxc6 11. Bh6 a6 12. Bc4 Ne5 13. Bd5 c6 14. Bxg7 Kxg7 15. Bb3 Qf6 16. Rad1 Rad8 17. f4 Ng4 18. f5 gxf5 19. exf5 d5 20. Qd4 Qxd4+ 21. Rxd4 Ne3 22. f6+ Kg6 23. Rf3 Rfe8 24. Rg3+ Kxf6 25. Rf4+ Bf5 26. Rgf3 Re5 27. g4 Rg8 28. h3 h5 29. Kf2 hxg4 30. Rxe3 Rxe3 31. Kxe3 g3 32. Ne2 g2 33. Ng1 Ke5 34. c3 Bxh3 35. Rxf7 Bc8 36. Bd1 b5 37. Bf3 c5 38. Kf2 Rg6 39. Bxg2 a5 40. Rc7 Rf6+ 41. Nf3+ 1-0

[Event "Montcalm II 1997-98"]
[Site "Quebec CAN"]
[Date "1997.10.29"]
[Round "3"]
[White "Hebert, Marc"]
[Black "Dumont, Eric"]
[Result "1-0"]
[WhiteElo "1803"]
[BlackElo "1531"]
[PlyCount "67"]
[GameId "2160767911935934"]
[EventDate "1997.10.15"]
[EventType "swiss"]
[EventRounds "5"]
[EventCountry "CAN"]

1. d4 f5 2. Bg5 h6 3. Bh4 d6 4. e3 g6 5. Nc3 Be6 6. Qf3 Nc6 7. d5 Ne5 8. Qd1 Bf7 9. f4 Nd7 10. Qd4 Ngf6 11. Bxf6 Nxf6 12. Bb5+ c6 13. dxc6 bxc6 14. Bxc6+ Nd7 15. Qxh8 Rc8 16. Bxd7+ Qxd7 17. Nf3 Bc4 18. O-O-O Qb7 19. Qd4 Be6 20. Rhe1 Kf7 21. e4 Rc4 22. Qe3 Rb4 23. b3 Qa6 24. Kb2 Qc8 25. Rd4 Rb8 26. Nd2 a5 27. exf5 Bxf5 28. Rc4 Qb7 29. Qf3 Qb6 30. Nd5 Bg7+ 31. c3 Qa6 32. Rxe7+ Kg8 33. Rcc7 Bh8 34. Nf6+ 1-0

[Event "Montcalm II 1997-98"]
[Site "Quebec CAN"]
[Date "1997.11.05"]
[Round "4"]
[White "Bouchard, Jacques"]
[Black "Hebert, Marc"]
[Result "0-1"]
[WhiteElo "1632"]
[BlackElo "1803"]
[PlyCount "76"]
[GameId "2160767911935935"]
[EventDate "1997.10.15"]
[EventType "swiss"]
[EventRounds "5"]
[EventCountry "CAN"]

1. e4 c5 2. Nf3 Nc6 3. d4 cxd4 4. Nxd4 Nf6 5. Nc3 d6 6. Be2 Bd7 7. O-O Rc8 8. Bg5 Qa5 9. Bxf6 gxf6 10. Nb3 Qg5 11. f4 Qh6 12. Nd4 Rg8 13. Nxc6 Bxc6 14. Bb5 Bxb5 15. Nxb5 Qg6 16. Qe2 a6 17. Nc3 f5 18. e5 dxe5 19. fxe5 Qb6+ 20. Kh1 Qxb2 21. Nd5 Qxc2 22. Qf3 Bh6 23. Rae1 Rc6 24. Nb4 Qa4 25. Nxc6 Qxc6 26. Qxc6+ bxc6 27. Rxf5 Rg6 28. Kg1 Re6 29. Kf1 Bd2 30. Rd1 Bc3 31. Rg5 f6 32. Rg8+ Kf7 33. Rdd8 Rxe5 34. Rh8 h5 35. Rc8 c5 36. Rc6 a5 37. Rhc8 Bb4 38. a3 Bxa3 0-1

[Event "Montcalm II 1997-98"]
[Site "Quebec CAN"]
[Date "1997.11.12"]
[Round "5"]
[White "Turcot, Jean"]
[Black "Hebert, Marc"]
[Result "1/2-1/2"]
[WhiteElo "1346"]
[BlackElo "1803"]
[PlyCount "105"]
[GameId "2160767911935936"]
[EventDate "1997.10.15"]
[EventType "swiss"]
[EventRounds "5"]
[EventCountry "CAN"]

1. Nf3 e6 2. c4 Nf6 3. d4 d5 4. c5 Nc6 5. e3 Be7 6. Be2 O-O 7. O-O b6 8. Bb5 Bd7 9. Bxc6 Bxc6 10. Ne5 Bb5 11. Re1 bxc5 12. Nc3 Bd7 13. dxc5 Bxc5 14. Qc2 Bd6 15. Nf3 c5 16. e4 dxe4 17. Nxe4 Nxe4 18. Qxe4 Qc7 19. Ne5 Bxe5 20. Qxe5 Qxe5 21. Rxe5 Rfc8 22. Be3 c4 23. Rc1 f6 24. Ra5 a6 25. Ra3 e5 26. Rd1 Bb5 27. Rc3 Kf7 28. Rdc1 a5 29. a4 Bxa4 30. Rxc4 Rxc4 31. Rxc4 Bb3 32. Rc7+ Kg6 33. h4 h5 34. Ra7 Rxa7 35. Bxa7 Kf5 36. Bc5 e4 37. f3 exf3 38. gxf3 g5 39. hxg5 fxg5 40. Be3 Bd5 41. Bd2 a4 42. Kf2 h4 43. Ke3 Bc6 44. Be1 Kg6 45. Bf2 Kh5 46. Bg1 Kg6 47. Bf2 Kf5 48. Bg1 g4 49. fxg4+ Kxg4 50. Kf2 Kh3 51. Kf1 Kg4 52. Bh2 Kf3 53. Bd6 1/2-1/2

[Event "Montcalm III 1997-98"]
[Site "Quebec CAN"]
[Date "1997.11.19"]
[Round "1"]
[White "Pouliot, Lewis"]
[Black "Hebert, Marc"]
[Result "0-1"]
[WhiteElo "1468"]
[BlackElo "1787"]
[PlyCount "56"]
[GameId "2160767911874362"]
[EventDate "1997.11.19"]
[EventType "swiss"]
[EventRounds "5"]
[EventCountry "CAN"]

1. c4 Nf6 2. Nc3 e6 3. e4 c5 4. g3 Nc6 5. Bg2 Be7 6. Nge2 O-O 7. O-O a6 8. f4 d6 9. d4 cxd4 10. Nxd4 Qb6 11. Be3 Qxb2 12. Nxc6 bxc6 13. Rc1 e5 14. f5 Bd7 15. Rf2 Qb4 16. Qe2 Rac8 17. g4 d5 18. exd5 cxd5 19. Nxd5 Nxd5 20. Bxd5 Bc6 21. Bxc6 Rxc6 22. g5 Rfc8 23. f6 gxf6 24. gxf6 Bxf6 25. Rxf6 Rxf6 26. Kh1 Qb7+ 27. Kg1 Rg6+ 28. Kf1 Qh1+ 0-1

[Event "Montcalm III 1997-98"]
[Site "Quebec CAN"]
[Date "1997.11.26"]
[Round "2"]
[White "Hebert, Marc"]
[Black "Angers, Gilles"]
[Result "0-1"]
[WhiteElo "1787"]
[BlackElo "1950"]
[PlyCount "92"]
[GameId "2160767911874363"]
[EventDate "1997.11.19"]
[EventType "swiss"]
[EventRounds "5"]
[EventCountry "CAN"]

1. e4 e6 2. d4 d5 3. Nd2 c5 4. Ngf3 Nc6 5. Bb5 Nf6 6. e5 Nd7 7. c3 Qb6 8. Qa4 a6 9. Bxc6 bxc6 10. O-O Be7 11. dxc5 Nxc5 12. Qc2 a5 13. Nb3 Ba6 14. Rd1 Nd7 15. Bf4 c5 16. Rd2 O-O 17. Nc1 Rfd8 18. b3 Nf8 19. Ne2 Rac8 20. Qb2 Ng6 21. Bg3 Bb7 22. h4 Bf8 23. h5 Ne7 24. Bh4 Rd7 25. Rad1 Nf5 26. Bg5 h6 27. Bf4 d4 28. Ne1 Rcd8 29. cxd4 cxd4 30. g4 Qc6 31. f3 Nh4 32. Rd3 Ba6 33. Kf2 Bxd3 34. Rxd3 g5 35. Bd2 Qc5 36. Ng3 Qxe5 37. Qc1 Bd6 38. Ne4 Qh2+ 39. Kf1 f5 40. Nf6+ Kf7 41. Nxd7 Bg3 42. Be3 Bxe1 43. Rxd4 Qg2+ 44. Kxe1 Nxf3+ 45. Kd1 Qf1+ 46. Kc2 Nxd4+ 0-1

[Event "Montcalm III 1997-98"]
[Site "Quebec CAN"]
[Date "1997.12.03"]
[Round "3"]
[White "Drolet, Stephane"]
[Black "Hebert, Marc"]
[Result "1-0"]
[WhiteElo "1860"]
[BlackElo "1787"]
[PlyCount "69"]
[GameId "2160767911874364"]
[EventDate "1997.11.19"]
[EventType "swiss"]
[EventRounds "5"]
[EventCountry "CAN"]

1. e4 e5 2. Nc3 Nf6 3. Nf3 Nc6 4. g3 d6 5. Bg2 Be7 6. O-O Bg4 7. h3 Bxf3 8. Bxf3 h5 9. Bg2 g5 10. Ne2 Qd7 11. d4 Rg8 12. d5 Nd8 13. c4 Nh7 14. Nc3 g4 15. h4 f6 16. a4 Nf7 17. a5 a6 18. Be3 Bf8 19. Qd2 c5 20. Na4 Qc7 21. Rfc1 Be7 22. b4 Rc8 23. Rab1 cxb4 24. Qxb4 Rb8 25. Bb6 Qd7 26. Ba7 Rd8 27. Bb6 Rc8 28. Be3 Rb8 29. Nb6 Qc7 30. Qa4+ Kf8 31. Nd7+ Kg7 32. Bb6 Qc8 33. Nxb8 Qxb8 34. Qd7 Re8 35. Be3 1-0